| 000 | 00786nam#a22002655a#4500 | ||
|---|---|---|---|
| 001 | 1783 | ||
| 008 | 110418s2009####ag#####e######001#jdspa#d | ||
| 245 | 1 | 0 |
_aEspejos en fuga : _bcuentos / _cSergio Gaut vel Hartman ; dirigido por Mario José Grabivker. |
| 250 | _a1ª ed. | ||
| 260 |
_aBuenos Aires : _bInstituto Movilizador de Fondos Cooperativos, _c2009. |
||
| 300 |
_a125 p. ; _c20 cm. |
||
| 490 | 0 | _aDesde la Gente | |
| 020 | _a9789508602305 | ||
| 100 | 1 | _aGaut vel Hartman, Sergio. | |
| 700 | 1 |
_aGrabivker, José, _edirector. _4drt |
|
| 080 | _a860(82)-3 | ||
| 084 | _aG29 | ||
| 653 | _aLiteratura argentina | ||
| 653 | _aNarrativa argentina | ||
| 653 | _aCuentos fantásticos | ||
| 040 |
_aAR-ClEAG _cAR-ClEAG |
||
| 005 | 20241107184721.0 | ||
| 003 | AR-ClEAG | ||
| 942 | _cBK | ||
| 999 |
_c1783 _d1783 |
||
| 980 |
_62 _aEvangelina Gallicchio _82 _gEvangelina Gallicchio |
||